Guess the 1960s song lyrics #186 - Statistics

General Stats
  • This quiz has been taken 23 times
  • The average score is 97 of 145
Answer Stats
Answer % Correct
I
95%
be
91%
In
91%
love
91%
so
91%
So
91%
you
91%
and
86%
on
86%
That
86%
To
86%
But
82%
but
82%
can
82%
my
82%
with
82%
all
77%
have
77%
how
77%
Just
77%
it
73%
know
73%
one
73%
see
73%
was
73%
will
73%
I'm
64%
look
64%
oh
64%
Oh
64%
only
64%
were
64%
mine
59%
Say
59%
Without
59%
fell
55%
Forever
55%
knew
55%
yeah
55%
always
50%
get
50%
good
50%
hard
50%
make
50%
out
50%
thought
50%
took
50%
found
45%
gonna
45%
I'll
45%
that's
45%
feels
41%
nothin
41%
really
41%
wrong
41%
care
36%
keep
36%
ooh
27%
own
27%
dreamin
23%
someday
23%
Til
23%
schemin
18%
Doris Troy
14%
No matching quizzes found
Score Distribution
Percent of People with Each Score
Percentile by Number Answered
Your Score History
You have not taken this quiz